| 000 | 00611nam a2200229Ia 4500 | ||
|---|---|---|---|
| 008 | 180523s9999 xx 000 0 und d | ||
| 020 | _a981-240-311-6 | ||
| 050 | _aMAIN QA 371 | ||
| 050 | _b.Z55 2000 | ||
| 100 | _aZill, Dennis G. | ||
| 245 | 2 | _aA First course in differential equations with modeling applications / | |
| 245 | 0 | _cDennis G. Zill | |
| 250 | _a7th Edition | ||
| 260 | _aSingapore : | ||
| 260 | _bThomson Brooks/Cole | ||
| 260 | _c2000 | ||
| 300 | _a438 pages : | ||
| 300 | _billustrations ; | ||
| 300 | _c25 cm. | ||
| 500 | _aIncludes index. | ||
| 650 | _aDifferential equations. | ||
| 999 |
_c357467 _d357467 |
||